Biblioteca y Centro de Documentación

Annual review of working life 2018 (Registro nro. 51379)

Detalles MARC
000 -CABECERA
Longitud fija campo de control 01956nam a2200481 c 4500
001 - NÚMERO DE CONTROL
Número de control 51379
003 - IDENTIFICADOR DE NÚMERO DE CONTROL
Identificador del número de control ES-MaCES
005 - FECHA Y HORA DE LA ÚLTIMA TRANSACCIÓN
Fecha y hora de la última transacción 20191115114533.0
007 - PHYSICAL DESCRIPTION FIXED FIELD--GENERAL INFORMAT
Campo fijo de descripción física cr |||||||||||
008 - CAMPO FIJO DE DESCRIPCIÓN FIJA--INFORMACIÓN GENERAL
Códigos de información de longitud fija   191115s2019 lu ry m000 | eng d
020 ## - ISBN (INTERNATIONAL STANDARD BOOK NUMBER)
Número Internacional Normalizado para Libros (ISBN) 9789289719612
020 ## - ISBN (INTERNATIONAL STANDARD BOOK NUMBER)
Número Internacional Normalizado para Libros (ISBN) 9789289719629 (pdf)
040 ## - FUENTE DE CATALOGACIÓN
Centro catalogador de origen ES-MaCES
Lengua de catalogación spa
Centro transcriptor ES-MaCES
245 10 - MENCIÓN DE TÍTULO
Título Annual review of working life 2018
Medio Recurso electrónico
Resto del título : [EurWORK annual review 2018]
Mención de responsabilidad, etc. [Christine Aumayr-Pintar, Catherine Cerf and Barbara Surdykowska] ; Eurofound, European Foundation for the Improvement of Living and Working Conditions
260 ## - PUBLICACIÓN, DISTRIBUCIÓN, ETC (PIE DE IMPRENTA)
Lugar de publicación, distribución, etc. Luxembourg
Nombre del editor, distribuidor, etc. Publications Office of the European Union
Fecha de publicación, distribución, etc. 2019
300 ## - DESCRIPCIÓN FÍSICA
Extensión 1 documento pdf
Otras características físicas gráf. col.
Dimensiones (2,44 mb)
500 ## - NOTA GENERAL
Nota general Anteriormente bajo el tít: Developments in working life in Europe, EurWORK annual review 2015
500 ## - NOTA GENERAL
Nota general Sutít. tomado de verso de la port.
504 ## - NOTA DE BIBLIOGRAFÍA, ETC.
Nota de bibliografía, etc. Bibliografía: p. 53-54
541 ## - NOTA DE LA FUENTE INMEDIANTE DE ADQUISICIÓN
Forma de adquisición Gratuito
650 #4 - ASIENTO SECUNDARIO DE MATERIA--TÉRMINO DE MATERIA
Término de materia o nombre geográfico como elemento inicial mercado de trabajo
9 (RLIN) 28292
650 #4 - ASIENTO SECUNDARIO DE MATERIA--TÉRMINO DE MATERIA
Término de materia o nombre geográfico como elemento inicial empleo
9 (RLIN) 28299
650 #4 - ASIENTO SECUNDARIO DE MATERIA--TÉRMINO DE MATERIA
Término de materia o nombre geográfico como elemento inicial condiciones de trabajo
9 (RLIN) 28327
650 #4 - ASIENTO SECUNDARIO DE MATERIA--TÉRMINO DE MATERIA
Término de materia o nombre geográfico como elemento inicial condiciones de empleo
9 (RLIN) 30040
650 #4 - ASIENTO SECUNDARIO DE MATERIA--TÉRMINO DE MATERIA
Término de materia o nombre geográfico como elemento inicial relaciones laborales
9 (RLIN) 28369
650 #4 - ASIENTO SECUNDARIO DE MATERIA--TÉRMINO DE MATERIA
Término de materia o nombre geográfico como elemento inicial negociación colectiva
9 (RLIN) 28362
650 #4 - ASIENTO SECUNDARIO DE MATERIA--TÉRMINO DE MATERIA
Término de materia o nombre geográfico como elemento inicial concertación social
9 (RLIN) 30664
650 #4 - ASIENTO SECUNDARIO DE MATERIA--TÉRMINO DE MATERIA
Término de materia o nombre geográfico como elemento inicial política laboral
9 (RLIN) 28290
650 #4 - ASIENTO SECUNDARIO DE MATERIA--TÉRMINO DE MATERIA
Término de materia o nombre geográfico como elemento inicial Europa
9 (RLIN) 26940
650 #4 - ASIENTO SECUNDARIO DE MATERIA--TÉRMINO DE MATERIA
Término de materia o nombre geográfico como elemento inicial UE
9 (RLIN) 26752
650 #4 - ASIENTO SECUNDARIO DE MATERIA--TÉRMINO DE MATERIA
Término de materia o nombre geográfico como elemento inicial país de la UE
9 (RLIN) 29020
650 #4 - ASIENTO SECUNDARIO DE MATERIA--TÉRMINO DE MATERIA
Término de materia o nombre geográfico como elemento inicial 2018
9 (RLIN) 39065
650 #4 - ASIENTO SECUNDARIO DE MATERIA--TÉRMINO DE MATERIA
Término de materia o nombre geográfico como elemento inicial anuario
9 (RLIN) 28963
653 10 - TÉRMINO DE INDEXACIÓN--NO CONTROLADO
Término no controlado Relaciones laborales-Empleo
700 1# - ENCABEZAMIENTO SECUNDARIO--NOMBRE PERSONAL
9 (RLIN) 35634
Nombre de persona Aumayr-Pintar, Christine
700 1# - ENCABEZAMIENTO SECUNDARIO--NOMBRE PERSONAL
9 (RLIN) 39659
Nombre de persona Cerf , Catherine
700 1# - ENCABEZAMIENTO SECUNDARIO--NOMBRE PERSONAL
9 (RLIN) 39660
Nombre de persona Surdykowska, Barbara
710 2# - ENCABEZAMIENTO SECUNDARIO--NOMBRE CORPORATIVO
9 (RLIN) 3819
Nombre de entidad o nombre de jurisdicción como elemento inicial Fundación Europea para la Mejora de las Condiciones de Vida y de Trabajo
787 ## - ENTRADA DE OTRAS ESPECIFICACIONES
Título Developments in working life in Europe, EurWORK annual review 2015
Número de control del registro relacionado (ES-MaCES)48821
856 4# - ACCESO ELECTRÓNICO
Identificador Uniforme del Recurso (URI) http://biblioteca.ces.es/repintra/B51379.pdf
Texto del enlace texto completo
Nota pública [intranet]
902 ## - CES. TIPO DE DOCUMENTO
Tipodoc (006$c Sirtex) ELE PUB. ELECTRONICA
942 ## - ELEMENTOS KOHA
Fuente de clasificaión o esquema Clasificación propia del CES
Koha [por defecto] tipo de item Monografías
Parte de clasificación Relaciones Laborales y Rel. Lab.- Empleo

No hay ítems disponibles.

© CES, Consejo Económico y Social de España 2021